Politics of regionalism (Record no. 18210)

MARC details
000 -LEADER
fixed length control field 00361nam a2200145Ia 4500
082 ## - DEWEY DECIMAL CLASSIFICATION NUMBER
Classification number RB.0150
100 ## - MAIN ENTRY--AUTHOR NAME
Personal name Basu, Ajal
245 #0 - TITLE STATEMENT
Title Politics of regionalism
260 ## - PUBLICATION, DISTRIBUTION, ETC. (IMPRINT)
Year of publication 1993
Name of publisher ICSSR, New Delhi
300 ## - PHYSICAL DESCRIPTION
Number of Pages 210
650 ## - SUBJECT ADDED ENTRY--TOPICAL TERM
Topical Term REGIONALISM - INDIA
650 ## - SUBJECT ADDED ENTRY--TOPICAL TERM
Topical Term CASTE AND POLITICS - WEST BENGAL
710 ## - ADDED ENTRY--CORPORATE NAME
Corporate name or jurisdiction name as entry element Samaj Bikshan Kendra, Calcutta
942 ## - ADDED ENTRY ELEMENTS (KOHA)
Koha item type Research Reports
Source of classification or shelving scheme Dewey Decimal Classification
Holdings
Withdrawn status Lost status Damaged status Not for loan Collection code Home library Current library Date acquired Bill Date Full call number Accession Number Price effective from Koha item type
      Not For Loan Senior Research Fellowship Reports NASSDOC Library NASSDOC Library 08/10/2004 2008-12-30 RB.0150 33555 18/04/2019 Research Reports